Journal of the British Astronomical Association (Record no. 35910)

MARC details
000 -LEADER
fixed length control field 00413nam a22001457a 4500
003 - CONTROL NUMBER IDENTIFIER
control field IN-BaIIA
005 - DATE AND TIME OF LATEST TRANSACTION
control field 20211214150849.0
008 - FIXED-LENGTH DATA ELEMENTS--GENERAL INFORMATION
fixed length control field 211214b ||||| |||| 00| 0 eng d
040 ## - CATALOGING SOURCE
Transcribing agency IIA Library
245 ## - TITLE STATEMENT
Title Journal of the British Astronomical Association
Medium [Print Journal]
260 ## - PUBLICATION, DISTRIBUTION, ETC.
Place of publication, distribution, etc. UK
Name of publisher, distributor, etc. British Astronomical Association
310 ## - CURRENT PUBLICATION FREQUENCY
Current publication frequency 6/ Year
521 ## - TARGET AUDIENCE NOTE
Target audience note Subscribed through IIA Library
942 ## - ADDED ENTRY ELEMENTS (KOHA)
Koha item type Journals (Bound Volume)
Serial record flag 1
Holdings
Withdrawn status Lost status Damaged status Not for loan Home library Current library Date acquired Total Checkouts Date last seen Price effective from Koha item type
        IIA Library-Bangalore IIA Library-Bangalore 14/12/2021   14/12/2021 14/12/2021 Journals (Bound Volume)

Powered by Koha